[Event "Online Olym Div4 C"]
[Site "Chess.com INT"]
[Date "2020.08.02"]
[Round "9.4"]
[White "Malinga, Lunga"]
[Black "Farhat, Jawad"]
[Result "0-1"]
[WhiteElo "1571"]
[BlackElo "1773"]
[PlyCount "107"]
[EventDate "2020.07.31"]
[EventType "team-tourn (rapid)"]
[EventRounds "9"]
[EventCountry "USA"]
[SourceTitle "CBM 198"]
[Source "ChessBase"]
[SourceDate "2020.10.31"]
[SourceVersion "1"]
[SourceVersionDate "2020.10.31"]
[SourceQuality "1"]
[WhiteTeam "Swaziland"]
[BlackTeam "Lebanon"]
[WhiteTeamCountry "SWA"]
[BlackTeamCountry "LBN"]

1. e4 e6 2. d4 d5 3. exd5 exd5 4. Nf3 Nf6 5. c3 Bd6 6. h3 0-0 7. Bd3 Re8+ 8. Be3 Bf4 9. Qd2 Qe7 10. 0-0 Bxe3 11. fxe3 Qxe3+ 12. Qxe3 Rxe3 13. Bb5 a6 14. Ba4 b5 15. Bb3 Nbd7 16. Nbd2 Bb7 17. Rfe1 Rae8 18. Kf2 Rxe1 19. Rxe1 Rxe1 20. Kxe1 Kf8 21. Ke2 Ke7 22. Nf1 Ne4 23. Ne3 Nb6 24. Kd3 Nc4 25. Bxc4 dxc4+ 26. Ke2 g6 27. a4 Nf6 28. axb5 axb5 29. g3 Nd7 30. Ng4 f6 31. Ke3 Nb6 32. Nf2 Na4 33. Nd1 c5 34. dxc5 Bxf3 35. Kxf3 Nxc5 36. Ke3 Kd6 37. Kd2 Ne4+ 38. Kc2 Nxg3 39. b3 h5 40. b4 Ke5 41. Kd2 Ne4+ 42. Ke3 g5 43. Kf3 f5 44. Kg2 Kf4 45. Kh2 Kf3 46. h4 g4 47. Kg1 Ke2 48. Nb2 Nxc3 49. Kg2 f4 50. Kh2 f3 51. Kg3 f2 52. Kf4 f1Q+ 53. Kg5 g3 54. Kxh5 0-1